000 00310nam a2200121Ia 4500
008 241002s9999 xx 000 0 und d
082 _a808.88 EME
100 _aEmerson, Ralph Walde
245 4 _aThe selected writing of Ralph Waldo Emerson
260 _aNew York:
_c1950
600 _aLiterature
942 _cUC
999 _c18889
_d18889